|
|
|
|
| LEADER |
00000nam0a2200000 4500 |
| 001 |
30606 |
| 005 |
20231101210002.0 |
| 010 |
|
|
|a 5858031366
|
| 035 |
|
|
|a (RuTPU)RU\TPU\book\30879
|
| 035 |
|
|
|a BOOK00000051
|
| 090 |
|
|
|a 30606
|
| 100 |
|
|
|a 20011209d1999 k y0rusy50 ca
|
| 101 |
1 |
|
|a rus
|c chi
|
| 102 |
|
|
|a RU
|
| 105 |
|
|
|a y z 001ay
|
| 200 |
1 |
|
|a Мэн-цзы
|e пер. с кит
|f Ин-т востоковедения
|
| 210 |
|
|
|a СПб.
|c Петербургское Востоковедение
|d 1999
|
| 215 |
|
|
|a 264 с.
|
| 225 |
1 |
|
|a Памятники культуры Востока
|v Т. XII
|
| 320 |
|
|
|a Указ. собственных имен и геогр. назв.: с. 214-261.
|
| 606 |
1 |
|
|a Китайская философия древняя
|2 stltpush
|3 (RuTPU)RU\TPU\subj\14446
|9 40829
|
| 610 |
1 |
|
|a философия
|
| 610 |
1 |
|
|a история
|
| 610 |
1 |
|
|a конфуцианское учение
|
| 610 |
1 |
|
|a Китай
|
| 610 |
1 |
|
|a 372-289 г. до н.э.
|
| 686 |
|
|
|a Ю3(5Кит)3
|v LBC/SL-A
|2 rubbk
|
| 712 |
0 |
2 |
|a Российская академия наук (РАН)
|b Институт востоковедения (ИВ)
|c (Москва)
|2 stltpush
|3 (RuTPU)RU\TPU\col\106
|
| 801 |
|
0 |
|a RU
|b 63413507
|c 20011209
|g PSBO
|
| 801 |
|
2 |
|a RU
|b 63413507
|c 20141208
|g PSBO
|
| 942 |
|
|
|c BK
|